000 00422nam a2200157Ia 4500
008 160316s1995 xxu||||| |||| 00| 0 eng d
082 _a341.762000
_bORE
100 _aReilly James T
245 _aU S environmental liability risks
250 _a
260 _aLondon
_bMartinus Nijhoff
_c1995
300 _a315p
_b
_c
365 _bRs.3679.50
650 _a1.Environmental Law - Liability - Risks - U S A
700 _a
_a
999 _c11827
_d11827